Deeper impact (Record no. 82033)
[ view plain ]
| 000 -LEADER | |
|---|---|
| fixed length control field | 01223cab a22002055a 4500 |
| 001 - CONTROL NUMBER | |
| control field | L149028 |
| 008 - FIXED-LENGTH DATA ELEMENTS--GENERAL INFORMATION | |
| fixed length control field | 091215e20091107xxka f g 000 0 eng d |
| 035 ## - SYSTEM CONTROL NUMBER | |
| System control number | (Sirsi) u149028 |
| 041 0# - LANGUAGE CODE | |
| Language code of text/sound track or separate title | eng |
| 100 1# - MAIN ENTRY--PERSONAL NAME | |
| Personal name | Phillips, Mike |
| 245 00 - TITLE STATEMENT | |
| Title | Deeper impact |
| 260 ## - PUBLICATION, DISTRIBUTION, ETC. | |
| Date of publication, distribution, etc. | 2009 |
| 490 ## - SERIES STATEMENT | |
| Series statement | Estates Gazette |
| Volume/sequential designation | (0944) 7 November 2009, 48-53(5) |
| 520 ## - SUMMARY, ETC. | |
| Summary, etc. | Presents the results of the annual survey of fund managers by Property Funds Research for the period from June 2008 to June 2009. Reports that these months were the worst in this research history since 2002-2003. Eight out of 59 managers experienced a rise in assets over this period. At the top of the league is Aviva Investors, followed by PRUPIM in second position and Standard Life in third position. Includes a table of top managers by total value of assets under management; top managers by value of their indirect vehicles; top managers by value of their discretionary mandates; top vehicles by gross asset value; vehicles launched over the past nine months; and fund launches. |
| 590 ## - LOCAL NOTE (RLIN) | |
| Local note | KA |
| 651 #4 - SUBJECT ADDED ENTRY--GEOGRAPHIC NAME | |
| Geographic name | England and Wales |
| Chronological subdivision | 1543- |
| 690 ## - LOCAL SUBJECT ADDED ENTRY--TOPICAL TERM (OCLC, RLIN) | |
| Topical term or geographic name as entry element | PROPERTY-COMMERCIAL PROPERTY-COMMERCIAL PROPERTY FINANCE AND INVESTMENT |
| 700 1# - ADDED ENTRY--PERSONAL NAME | |
| Personal name | Potts, Andy |
| 942 ## - ADDED ENTRY ELEMENTS (KOHA) | |
| Suppress in OPAC | 0 |
| Withdrawn status | Lost status | Source of classification or shelving scheme | Damaged status | Not for loan | Home library | Current library | Shelving location | Date acquired | Total Checkouts | Full call number | Barcode | Date last seen | Copy number | Price effective from | Koha item type |
|---|---|---|---|---|---|---|---|---|---|---|---|---|---|---|---|
| Dewey Decimal Classification | London | London | Journal article | 15/12/2009 | L149028 | 149028-1001 | 06/08/2019 | 1 | 06/08/2019 | Journal article |